Statistiques concernant Culture Générale - Série 598

Cliquez ici pour prendre le quiz!

Statistiques générales

  • Ce quiz a été pris 83 fois
  • Le résultat moyen est 7 sur 10

Statistiques - réponses

QuestionRéponse% Correct
Quelle est la première lettre de l'alphabet grec ?alpha
96%
En 1985, de quel jeu Garry Kasparov a-t-il été champion du monde à l'âge de 22 ans ?échecs
93%
Quel est le genre grammatical du mot "pétale" ?masculin
90%
Quel nom d'oiseau utilise-t-on pour désigner un auteur de lettres anonymes ?corbeau
86%
Quelle ville habitent les Stambouliotes ?Istanbul
85%
A qui Martine Aubry a-t-elle succédé à la tête du Parti socialiste en novembre 2008 ?François Hollande
70%
Qui est le réalisateur du film "2001 : L'Odyssée de l'espace", sorti en 1968 ?Stanley Kubrick
68%
Quel mot désigne à la fois une coiffure adoptée à ses débuts par la chanteuse Sheila, et une sorte d'édredon ?couette
60%
Selon le proverbe, quelle est la mère de tous les vices ?L'oisiveté
29%
Quelle chanteuse a représenté la France au concours de l'Eurovision 2009 ?Patricia Kaas
25%

Distribution des résultats

Percentile par nombre de réponses

% des personnes avec chaque résultat

Votre développement - résultats

Vous n’avez pas pris ce quiz